PHYSIOLOGIA PLANTARUM (Record no. 4143)
[ view plain ]
| 000 -LEADER | |
|---|---|
| fixed length control field | 00469nam a2200145Ia 4500 |
| 022 ## - INTERNATIONAL STANDARD SERIAL NUMBER | |
| ISSN | 0031-9317 |
| 245 #0 - TITLE STATEMENT | |
| Title | PHYSIOLOGIA PLANTARUM |
| 260 ## - PUBLICATION, DISTRIBUTION, ETC. (IMPRINT) | |
| Name of publisher | Scandinavian Society for Plant Physiology, Copenhagen, Denmark |
| 310 ## - CURRENT PUBLICATION FREQUENCY | |
| Current publication frequency | M |
| 500 ## - GENERAL NOTE | |
| General note | Ending Volume & Year: 111, 2001 |
| 500 ## - GENERAL NOTE | |
| General note | Missing Volume: 64(4);67(2-3);75(3-4);76;77;81(4);82-86;90(3-4);91-95 |
| 500 ## - GENERAL NOTE | |
| General note | Starting Volume & Year: 18, 1965 |
| 942 ## - ADDED ENTRY ELEMENTS (KOHA) | |
| Koha item type | Bound Journal |
| Withdrawn status | Lost status | Damaged status | Not for loan | Home library | Current library | Date acquired | Accession Number | Koha item type |
|---|---|---|---|---|---|---|---|---|
| Bound journals | RRII Library | RRII Library | 31/12/2021 | 04098J | Bound Journal |